logo

Bir Sreshtho Munshi Abdur Rouf Library
Jhenaidah Cadet College

উদ্ভিদ টিস্যু আবাদ প্রযুক্তি ও প্রয়োগ / (Record no. 13772)

MARC details
000 -LEADER
fixed length control field 00765nam a2200229 a 4500
001 - CONTROL NUMBER
JCCL Control Number 13772
003 - CONTROL NUMBER IDENTIFIER
JCCL marc code BD-JhCC
005 - DATE AND TIME OF LATEST TRANSACTION
control field 20240321130955.0
008 - FIXED-LENGTH DATA ELEMENTS--GENERAL INFORMATION
fixed length control field 240321b 2002b |||| ||a| 001 0 b d
020 ## - INTERNATIONAL STANDARD BOOK NUMBER
International Standard Book Number 9840742671
035 ## - SYSTEM CONTROL NUMBER
system control number (BD-JhCC)13772
040 ## - CATALOGING SOURCE
Original cataloging agency BD-JhCC
Modifying agency BD-JhCC
041 ## - LANGUAGE CODE
Language code of Book ben
082 ## - DEWEY DECIMAL CLASSIFICATION NUMBER
Classification number 570.55
Author mark and Year BHA 2002
100 ## - MAIN ENTRY--PERSONAL NAME
Personal name ভদ্র, সত্যজিৎ কুমার
245 ## - TITLE STATEMENT
Title উদ্ভিদ টিস্যু আবাদ প্রযুক্তি ও প্রয়োগ /
Remainder of title সত্যজিৎ কুমার ভদ্র
260 ## - PUBLICATION, DISTRIBUTION, ETC. (IMPRINT)
Place of publication, distribution, etc ঢাকা:
Name of publisher, distributor, etc বাংলা একাডেমী;
Date of publication, distribution, etc 2002.
300 ## - PHYSICAL DESCRIPTION
Pagination 220 p. :
Dimensions 22 cm.
650 ## - SUBJECT ADDED ENTRY--TOPICAL TERM
Topical term or geographic name as entry element জীববিজ্ঞান
942 ## - ADDED ENTRY ELEMENTS (KOHA)
Source of classification or shelving scheme Dewey Decimal Classification
Koha item type Books
Holdings
Source of classification or shelving scheme Damaged status Not for loan Home library Current library Shelving location Date of accession Cost, normal purchase price Total Checkouts Full call number Barcode Date last seen Copy number Method of acquisition Koha item type Currency
Dewey Decimal Classification     JCC Rouf Library JCC Rouf Library General Stacks   240.00   570.55 BHA 2002 18991 03/21/2024 C-1 Purchase Books BDT
Dewey Decimal Classification     JCC Rouf Library JCC Rouf Library General Stacks   240.00   570.55 BHA 2002 18992 03/21/2024 C-2 Purchase Books BDT

JCC Library | Contacts | JCC Home

Last Update on 23 September 2017
Copyright @ 2017-2020 JCC Rouf Library
Rouf Library, Jhenidah Cadet College (JCC), Bangladesh